| 000 | 00805nam a2200277 4500 | ||
|---|---|---|---|
| 003 | OSt | ||
| 005 | 20260601193851.0 | ||
| 008 | 260508b1963 |||ao||| |||| 00| 0 spa d | ||
| 040 |
_aICI _bspa _cICI |
||
| 050 |
_aNA2543.S6 _bG5418 |
||
| 100 | 1 |
_aGideon, Sigfried _932220 |
|
| 245 | 1 |
_aArquitectura y comunidad/ _cGideon, Sigfried |
|
| 250 | _a3a ed. | ||
| 264 |
_bEdiciones Nueva Visión BsAs _c1963 _aArgentina |
||
| 300 | _a189 páginas | ||
| 336 |
_atexto _2rdacontent |
||
| 337 |
_asin medio _2rdamedia |
||
| 338 |
_avolumen _2rdacarrier |
||
| 650 |
_aArquitectura y sociedad _932221 |
||
| 650 |
_aUrbanismo _9788 |
||
| 650 |
_aArquitectura moderna _ySiglo XX |
||
| 650 |
_aComunidad y arquitectura _932223 |
||
| 650 | _aPlanificación urbana | ||
| 650 | _aEspacio urbano | ||
| 942 |
_2lcc _cB _n1 |
||
| 999 |
_c21836 _d21836 |
||